000 00299nam a2200145Ia 4500
100 _aKulkarni
942 _cBK
654 _aApplied Mechanics
245 _aApplied Mechanics
260 _bPragati Prakashan
_aPoona
082 _a620.1
_bKul
300 _a169
546 _aENGLISH
999 _c19310
_d19310